| 000 | 01483nam a22003977a 4500 | ||
|---|---|---|---|
| 003 | CHAP | ||
| 005 | 20220329143155.0 | ||
| 008 | 061016d2006 mx r 00110 spa d | ||
| 010 | _a92881 | ||
| 011 | _a93853 | ||
| 035 | _a104434 | ||
| 040 | _cCHAP | ||
| 090 | _aTesis | ||
| 100 | 1 |
_aRodríguez Lozano, Oliverio. _998650 |
|
| 245 | 1 | 0 |
_aDiagnóstico de las técnicas de producción de jitomate (Lycopersicon esculentum Mill.) en la sierra norte de Puebla _c/por Oliverio Rodríguez Lozano y Jesús Rodríguez Pineda |
| 260 |
_aChapingo, Méx. : _bEl autor, _c2006. |
||
| 300 | _a181 h. | ||
| 502 | _aTesis (Ing. Agr. Esp. en Fitotecnia) - - UACH. Departamento de Fitotecnia | ||
| 590 |
_aALEPH _b10 _c20130110 _lUCH01 _h1514 |
||
| 590 |
_aBATCH-UPD _b10 _c20130110 _lUCH01 _h0429 |
||
| 590 |
_aBATCH-UPD _b10 _c20130110 _lUCH01 _h2053 |
||
| 590 |
_aBATCH-UPD _b10 _c20130410 _lUCH01 _h0104 |
||
| 590 |
_aBATCH-UPD _b10 _c20130410 _lUCH01 _h1637 |
||
| 590 |
_aBATCH-UPD _b10 _c20130914 _lUCH01 _h1130 |
||
| 590 |
_aCONVERSION _b10 _c20130109 _lUCH01 _h1351 |
||
| 650 | 1 | 4 |
_aCultivos en invernadero. _930376 |
| 650 | 1 | 4 |
_aPlásticos en agricultura. _989199 |
| 650 | 1 | 4 |
_aTomate _xPuebla. _9113759 |
| 650 | 1 | 4 |
_aTomate _xRendimiento. _9113761 |
| 700 | 1 |
_aRodríguez Pineda, Jesús. _998784 |
|
| 901 | _aBK | ||
| 905 | _aLilia | ||
| 942 | _cFOLL | ||
| 949 |
_aTesis _bBC _cTES _d00000001044341 _eTS1 _h45886 _i104434 _sb |
||
| 949 |
_aTesis _bBC _cTES _d33724000995064 _eTS2 _fc.2 _h45887 _i104434 _si |
||
| 999 |
_c92881 _d92881 |
||